Interacció : el valor públic de la cultura : Programa de les jornades : 8, 9 i 10 de maig de 2013 Programa de les jornades : 8, 9 i 10 de maig de 2013
Descripción Física:
39 p. ; 30 cm.
Idioma:
Catalán
MARC
| LEADER | 00000nam a22000007a 4500 | ||
|---|---|---|---|
| 001 | 25100 | ||
| 008 | 211229b spa||||| |||| 00| 0 cat d | ||
| 080 | |a FU-67-119 | ||
| 245 | |a Interacció : el valor públic de la cultura : |b Programa de les jornades : 8, 9 i 10 de maig de 2013 | ||
| 260 | |a Barcelona : |b Diputació de Barcelona. Centre d'Estudis i Recursos Culturals ; |c 2013 | ||
| 300 | |a 39 p. ; |c 30 cm. | ||
| 650 | 0 | |a Política cultural |9 38237 | |
| 650 | 0 | |a Congressos i conferències |9 48301 | |
| 710 | 1 | |a Barcelona (Catalunya : Província). |b Centre d'Estudis i Recursos Culturals |9 52487 | |
| 942 | |2 udc |c ARXIU |n 1 | ||
| 952 | |0 0 |1 0 |4 0 |6 FU67119 |7 1 |9 60925 |a Arxiu |b Arxiu |d 2021-12-29 |l 0 |o FU-67-119 |p 25100 |r 2021-12-29 00:00:00 |w 2021-12-29 |y ARXIU | ||
| 999 | |c 81050 |d 81050 | ||